Responses for show #7886 - Monday, December 17, 2018

Contestants

[<< previous game]

Josh Demby, a real estate agent from Denver, Colorado

Alex Cervenak, a historical interpreter from Hamtramck, Michigan

Jackie Fuchs, an attorney and writer from Los Angeles, California (whose 1-day cash winnings total $14,200)

[next game >>]

Jeopardy! Round responses

75 YEARS AT THE NEW YORK CITY CENTER
ENCYCLOPEDIA BRITANNICA ART-ICLES
COMING AT YOU IN 3 T
ON THE SLAB
SPORTY BRAND NAME MEANINGS
WRITERS EXPOSED
(Alex: From their first and middle names, which we will give you as clues. All right?)
    $200 13
(Jackie: What is Cabaret?)

Chicago

JackieJosh
    $200 7
Cubism

Jackie
    $200 19
extraterrestrial

Alex
    $200 2
(J.D.) Salinger

Alex
    $400 14
The Nutcracker

Jackie
    $400 25
(Edvard) Munch

Alex
    $400 20
a thermostat

Jackie
    $400 24
(Alex: With less than a minute.)

Minecraft

Jackie
    $3,000 15
(Jackie: It's gonna be a... what is... not Polo?)

J. Crew

Jackie
    $400 3
(E.B.) White

Alex
    $600 16
Anne Hathaway

Alex
    $600 1
the Venus de Milo

Josh
    $600 10
attention

Triple Stumper
    $600 21
silicon

Triple Stumper
    $600 28
[The end-of-round signal sounds.]

North Face

Alex
    $600 4
Lewis

Alex
    $800 17
Alvin Ailey

Jackie
    $800 8
Gauguin

Jackie
    $800 11
trustworthy

Jackie
    $800 22
the rubber

Triple Stumper
    $800 27
Columbia

Alex
    $800 5
(Alex Cervenak: Who is Stevenson?)

(R.L.) Stine

AlexJosh
    $1000 18
Seymour

Josh
    $1000 9
(Alexander) Calder

Jackie
    $1000 12
restitution

Triple Stumper
    $1000 23
bacon

Jackie
    $1000 26
Body Glove

Triple Stumper
    $1000 6
(W.H.) Auden

Alex

Scores at the first commercial break (after clue 15):

Jackie Alex Josh
$0 $1,400 $1,600

Scores at the end of the Jeopardy! Round:

Jackie Alex Josh
$2,600 $4,000 $2,600

Double Jeopardy! Round responses

WOMEN IN MATH & SCIENCE
EUROPEAN CAPITAL CITIES
IN THE DICTIONARY
THE MEXICAN WAR
MUSICIANS' MEMOIRS
"RITE" YOU ARE
    $400 19
X-ray film

Triple Stumper
    $400 8
Budapest

Jackie
    $400 11
(Alex Trebek: And the person is Odysseus, and the word is [*].)

odyssey

Triple Stumper
    $400 21
the Rio Grande

Josh
    $400 24
Bruce Springsteen

Jackie
    $400 14
last rites

Josh
    $800 20
a smokescreen

Triple Stumper
    $800 7
Lithuania

Josh
    $800 12
keyhole

Josh
    $800 22
Santa Anna

Jackie
    $800 23
Chrissie Hynde

Jackie
    $800 15
Rite Aid

Alex
    $1200 6
Bern

Josh
    $1200 13
(Josh: What is quicksilver?)
(Jackie: What is a stake through the heart?)

a silver bullet

JackieJosh
Triple Stumper
    $1200 26
[The end-of-round signal sounds.]

Jefferson Davis

Josh
    $1200 1
(Josh: Who is Robyn?)

Billy Idol

JackieJosh
    $1200 16
The Rite of Spring

Jackie
    $3,800 4
Brussels

Jackie
    $1600 9
a pillory

Triple Stumper
    $2,000 25
(Alex Trebek: [Before Jackie wagers] We have about a minute to go.)
...
(Jackie: Who is... I know this. And I'm blanking.)

General Winfield Scott

Jackie
    $1600 2
(Alex Cervenak: Who is Tommy Lee Jones?)

Tommy Lee

Alex
Triple Stumper
    $1600 17
rite of passage

Alex
    $2000 5
Zagreb

Josh
    $2000 10
(Alex Cervenak: What is a mea culpa?)

cri de coeur

AlexJosh
    $2000 3
Johnny Rotten

Triple Stumper
    $2000 18
Scottish Rites (or York Rites)

Jackie

Scores at the end of the Double Jeopardy! Round:

Jackie Alex Josh
$10,000 $2,800 $9,000

[wagering suggestions for these scores]

Final Jeopardy! Round responses

NORSE MYTHOLOGY
(Alex Trebek: Oh, he was a mischievous one.)
AlexWho is Thor Loki?
$0
JoshWho is Loki
$8,000
JackieWho is Loki?
$9,889
Loki

Final scores:

Jackie Alex Josh
$19,889 $2,800 $17,000
2-day champion: $34,089 3rd place: $1,000 2nd place: $2,000

Game dynamics:

Coryat scores:

Jackie Alex Josh
$12,800 $2,800 $9,000
17 R
(including 1 DD),
4 W
(including 2 DDs)
11 R,
3 W
12 R,
2 W

Combined Coryat: $24,600

The J! Archive is created by fans, for fans. The Jeopardy! game show and all elements thereof, including but not limited to copyright and trademark thereto, are the property of Jeopardy Productions, Inc. and are protected under law. This website is not affiliated with, sponsored by, or operated by Jeopardy Productions, Inc. Join the discussion at JBoard.tv.